| 000 | 00574nam a2200205Ia 4500 | ||
|---|---|---|---|
| 001 | 14812 | ||
| 003 | GE_BSU | ||
| 008 | 181216s||||||||xx |||||||||||||| ||und|| | ||
| 040 | _cGE_BSU | ||
| 080 | _a514.11(072) | ||
| 100 | _aАдамар,Ж. | ||
| 245 | _aЭлементарная геометрия.ч.2 Стереометрия | ||
| 245 | _cПод.ред.Д.И.Перепелкина | ||
| 260 | _aМосква | ||
| 260 | _bУчпедгиз | ||
| 260 | _c1958 | ||
| 300 | _a760стр.23см. | ||
| 653 | _aЭлементарная геометрия | ||
| 942 | _cBK | ||
| 999 |
_c47935 _d47935 |
||